| Tag |
First Indicator |
Second Indicator |
Subfields |
| LEADER |
00000cam a2200000 a 4500 |
| 001 |
in00000583003 |
| 005 |
20151014080547.0 |
| 008 |
870425s1986 dcua b f00010 eng |
| 010 |
|
|
|a 86051371
|
| 020 |
|
|
|a 0309044138 (pbk.) :
|c $8.40
|
| 035 |
|
|
|a (OCoLC)15686609
|
| 035 |
|
|
|9 ACP9144AM
|
| 040 |
|
|
|a DLC
|c DLC
|d CBT
|d CRD
|d m/c
|d TXA
|d UtOrBLW
|
| 049 |
|
|
|a TXAM
|c [A10853957]
|
| 050 |
0 |
0 |
|a TL269
|b .B37 1986
|
| 082 |
0 |
|
|a 629.2/46
|2 19
|
| 100 |
1 |
|
|a Barber, S. A.
|q (Scott A.)
|
| 245 |
1 |
0 |
|a Improved service life of urban transit coach brakes /
|c S.A. Barber, J. Hoess, and A.T. Hopper.
|
| 264 |
|
1 |
|a Washington, D.C. :
|b Transportation Research Board, National Research Council,
|c 1986.
|
| 300 |
|
|
|a 56 pages :
|b illustrations ;
|c 28 cm.
|
| 336 |
|
|
|a text
|b txt
|2 rdacontent
|
| 337 |
|
|
|a unmediated
|b n
|2 rdamedia
|
| 338 |
|
|
|a volume
|b nc
|2 rdacarrier
|
| 490 |
1 |
|
|a Report / National Cooperative Transit Research & Development Program,
|x 0732-4839 ;
|v 14
|
| 500 |
|
|
|a "Research sponsored by the Urban Mass Transportation Administration of the U.S. Department of Transportation."
|
| 500 |
|
|
|a "December 1986."
|
| 504 |
|
|
|a Bibliography: pages 44-45.
|
| 650 |
|
0 |
|a Buses
|x Brakes.
|
| 653 |
1 |
|
|a brake linings
|
| 700 |
1 |
|
|a Hoess, J.
|q (Joseph),
|d 1934-
|
| 700 |
1 |
|
|a Hopper, A. T.
|
| 710 |
1 |
|
|a United States.
|b Urban Mass Transportation Administration.
|
| 830 |
|
0 |
|a Report (National Cooperative Transit Research & Development Program (U.S.)) ;
|v 14.
|
| 999 |
|
|
|a MARS
|
| 999 |
f |
f |
|s 68bf0f36-a588-35de-ab07-fd3080fefa4a
|i 211d80cd-b68e-3050-aae0-a0e5617b8817
|t 0
|
| 952 |
f |
f |
|p default
|a Texas A&M University
|b College Station
|c Sterling C. Evans Library
|d Evans: Microforms (3rd floor)
|t 0
|e fiche S 834 no.14
|h Other scheme
|i unmediated -- volume
|
| 952 |
f |
f |
|p ric
|a Texas A&M University
|b Rellis Campus
|c Joint Library Facility
|d Remote Storage
|t 0
|e TL269 .B37 1986
|h Library of Congress classification
|i unmediated -- volume
|m A14824088190
|
| 998 |
f |
f |
|a TL269 .B37 1986
|t 0
|l Remote Storage
|
| 998 |
f |
f |
|a fiche S 834 no.14
|t 0
|l Evans: Microforms (3rd floor)
|